| 000 | 00880nam a2200205 a 4500 | ||
|---|---|---|---|
| 005 | 20220923063841.0 | ||
| 008 | 050523s2004 000 eng d | ||
| 020 | _a9701510291 | ||
| 035 | _aUPN01000144718 | ||
| 049 | _aCG | ||
| 050 | 4 |
_aBF637 N4.6 _bF4.3 |
|
| 100 | 1 | _aFlores, Elizabeth | |
| 245 | 1 | 0 |
_aCómo poseer el poder para transformarte : _bdescubre cómo sanar tu alma e incrementar tus capacidades físicas, emocionales y mentales / _cElizabeth Flores. |
| 260 |
_aMéxico : _bAlfaomega, _cc2004. |
||
| 300 |
_a119 p. : _bil. + _e1 Disco compacto (Audio) ; 4 3/4 plg. |
||
| 500 | _aIncluye un Disco compacto con el audio para los ejercicios del libro con fondos musicales | ||
| 650 | 0 |
_aProgramación neurolingüística _95397 |
|
| 740 | 0 | _aTransformarte : descubre cómo sanar tu alma e incrementar tus capacidades físicas, emocionales y mentales | |
| 905 | _aLibro | ||
| 999 |
_c116865 _d116865 |
||